00606nam a22001577a 450000500170000001000150001702000260003203500140005803700090007208200080008110000270008924501390011626000480025527001250030330000200042820241129145926.0 aENG-142736 a9788194522119c230.00 aEN-126268 bDBAD a331 aXcess Board of Editors aRegistration and Licence under Shops And Establishments Act and Business Registrations & Licences in India/bBy Xcess Board of Editors aMadhya Pradesh bXcess Infostore Pvt. Ltd. a213, Silver Mall , Block B,8/A,R.N.T. Marg, IndorebMadhya Pradeshe452001k9826012052k94794724245minfo@xcessbooks.com a124p.c21cm(pb)